000
00275nam a2200109Ia 4500
008
190914s9999||||xx |||||||||||||| ||und||
100
_a
John W. Jones
245
0
_a
Personnel Testing A Manager's Guide
260
_a
New Delhi
_b
Bantam Books
_c
2004
300
_a
169
942
_c
BK
999
_c
9112
_d
9112